000 00495nam a2200193 a 4500
001 1777027203200
003 YourLibrary
005 20260424161207.0
008 260424s2004##################000#0#eng##
020 _a9780195182477
082 0 4 _a344.730798BEL
100 1 _aBell, Derrick,
_eauthor.
245 1 0 _aSilent Covenants :
260 _bOxford University Press,
_c2004.
300 _a241 pages
650 0 _aEducation.
942 _cENGLISH
040 _aYourLibrary
_beng
_cYourLibrary
999 _c619828
_d619828